Second largest cities by every letter - Statistics

General Stats
  • This quiz has been taken 858 times
  • The average score is 10 of 26
Answer Stats
Letter Largest Second largest % Correct
L Lagos Los Angeles
74%
M Manila Mumbai
71%
X Xiamen Xi'an
71%
B Beijing Bangkok
61%
K Karachi Kolkata
60%
J Jakarta Johannesburg
59%
S Shanghai Seoul
56%
C Cairo Chennai
55%
H Hyderabad Ho Chi Minh City
54%
D Delhi Dhaka
53%
T Tokyo Tehran
52%
W Wuhan Washington D.C
43%
U Ürümqi Ulaanbaatar
40%
N New York City Nagoya
39%
R Rio de Janeiro Riyadh
39%
Q Qingdao Quito
33%
A Ahmedabad Atlanta
26%
V Vancouver Vienna
26%
P Paris Philadelphia
23%
O Osaka Orlando
19%
G Guangzhou Guadalajara
18%
Y Yangon Yaounde
15%
Z Zhengzhou Zibo
13%
I Istanbul Ibadan
12%
E Edmonton Erbil
11%
F Fuzhou Fortaleza
11%
No matching quizzes found
Score Distribution
Percent of People with Each Score
Percentile by Number Answered
Your Score History
You have not taken this quiz